Profitability of Commercial Banks Revisited: New Evidence From Oil and Non-Oil Exporting Countries in the MENA Region
Determinanty ziskovosti komerčných bánk v krajinách Stredného východu a Severnej Afriky (MENA) , ktoré exportujú a neexportujú ropu na základe údajov 11 krajín v období rokov 2004 - 2014. Použitím dvojstupňového systému GMM a modelov s fixnými efektmi výsledky naznačujú, že úverové riziko je negatív...
Guardado en:
| Autor principal: | |
|---|---|
| Otros Autores: | |
| Formato: | Capítulo de libro |
| Lenguaje: | inglés |
| Materias: | |
| Etiquetas: |
Sin Etiquetas, Sea el primero en etiquetar este registro!
|
MARC
| LEADER | 00000nla a2200000 4500 | ||
|---|---|---|---|
| 001 | 0242664 | ||
| 005 | 20220711132148.9 | ||
| 041 | 0 | |a eng | |
| 044 | |a UA | ||
| 245 | 1 | 0 | |a Profitability of Commercial Banks Revisited: New Evidence From Oil and Non-Oil Exporting Countries in the MENA Region |c Nermeen Abdullah |
| 520 | |a Determinanty ziskovosti komerčných bánk v krajinách Stredného východu a Severnej Afriky (MENA) , ktoré exportujú a neexportujú ropu na základe údajov 11 krajín v období rokov 2004 - 2014. Použitím dvojstupňového systému GMM a modelov s fixnými efektmi výsledky naznačujú, že úverové riziko je negatívne a veľmi významné, ak sú zo vzorky vynechané nepravidelné vykazujúce banky, a to najmä z krajín, ktoré neexportujú ropu. | ||
| 610 | 2 | 0 | |a banky |
| 610 | 2 | 0 | |a banky obchodné |
| 610 | 2 | 0 | |a zisk |
| 610 | 2 | 0 | |a zisk obchodný |
| 610 | 2 | 0 | |a výkazy finančné |
| 610 | 2 | 0 | |a ukazovatele ekonomické |
| 610 | 2 | 0 | |a ukazovatele finančné |
| 610 | 2 | 0 | |a ropa |
| 610 | 2 | 0 | |a vývoz |
| 610 | 2 | 0 | |a Stredný východ |
| 610 | 2 | 0 | |a severná Afrika |
| 100 | 1 | |a Abdullah, Nermeen | |
| 700 | 1 | |a Tan, Yong | |